000 00212nam a22000857a 4500
999 _c24661
_d24661
003 Nust
005 20170519132932.0
008 140618b xxu||||| |||| 00| 0 eng d
020 _cAvailable
_a9781118063330
040 _aDLC
_bDLC
_cRCMS
050 _a005.43 SIL
082 _29th,ed.
_a005.43 SIL
100 _aAbraham Silberschatz
_91239
245 _aOperating System Concepts
260 _aUSA
_bJohn Wiley & Sons, Inc.
_cc2013.
300 _axxii, 919 p. :
_bill. ;
_c28 cm.
538 _iShelf # 12, Row # 1, System Engineering.
650 _aComputer Software
_91229
856 _3Table of Contents Only
942 _2ddc
_cBK
_e9th, ed.
_k005.43 SIL